000 00348pab a2200157 454500
008 180718b2007 xxu||||| |||| 00| 0 eng d
100 _aAmritavalli
245 _aEnglish in a knowledge society
260 _c2007
300 _ap.118-19.
362 _a26 Dec
650 _aEnglish
773 _aUniversity News
908 _aN
909 _a76818
999 _c76818
_d76818